CorelDRAW 12 užívatelská příručka

Gespeichert in:
Bibliographische Detailangaben
1. Verfasser: Kadavý, Dušan, 1968-
Format: Buch
Sprache:Tschechisch
Veröffentlicht: Brno CP Books 2005
Schlagworte:
Online-Zugang:Im OPAC anzeigen
Tags: Tag hinzufügen
Keine Tags, Fügen Sie das erste Tag hinzu!

MARC

LEADER 00000cam a2200000 a 4500
005 20260127134239.0
008 050808s2005 xr a f 001 0 cze
020 |a 8025105598 (brož.) 
035 |a vtls008292902 
035 |a SVKPOKN104379 
039 9 |a 200602031054  |b msnk16  |c 200601231336  |d msnk16  |c 200511221009  |d mschk03  |c 200508161305  |d msvkpo03  |y 200508090842  |z VLOAD 
040 |a SVKPOKN  |b slo  |c SVKPOKN  |d SVKPO  |d STUSCHK1  |e AACR2  |d SNK 
041 0 |a cze 
044 |a xr  |c CZ 
072 7 |a 004.4/.6  |x Programové vybavenie. Programové prostriedky  |2 konspekt 
080 |a 004.42CorelDRAW  |2 MDT-MRF 
080 |a 004.92  |2 MDT-MRF 
080 |a (035)  |2 MDT-MRF 
100 1 |a Kadavý, Dušan,  |d 1968-   |9 865 
245 1 0 |a CorelDRAW 12  |b užívatelská příručka  |c Dušan Kadavý 
260 |a Brno  |b CP Books  |c 2005 
300 |a 303 s.  |b ilustr., sch.  |c 23 cm  |e 1 CD 
650 0 7 |a počítačová grafika  |2 SNKPH 
650 0 7 |a CorelDRAW! 12  |2 SNKPH 
655 7 |a príručky  |2 SNKPH 
910 |a svkponkat 
910 |a SCHK95 
919 |a 80-251-0559-8 
999 |c 7767  |d 7767